000 01517nam a2200289Ia 4500
999 _c55948
_d55948
001 23047
003 GE_BSU
005 20230630105935.0
008 181216s||||||||xx |||||||||||||| ||und||
040 _cGE_BSU
080 _a821.112.2-2 ბ-91
100 _aბრეჰტი, ბერტოლტ
_919090
245 _aპიესები /
_cგერმ. თარგმნა გ. და კ. ჯორჯანელებმა ; შემდგ. ლ. ბრეგაძე ; წინასიტყვ. ავტ. ნ. კაკაბაძე ; რედ. ე. ნადირაშვილი ; მხატვ. ი. გვალია.
264 _aთბილისი :
_bხელოვნება,
_c1986.
300 _a205 გვ. :
_b8 ფ. ილ. ;
_c21 სმ.
541 _h2ლ.40თ.
653 _aმხატვრული ლიტერატურა
653 _aპიესები
653 _aსამგროშიანი ოპერა
653 _aკავკასიური ცარცის წრე
700 _aჯორჯანელი, გ.
_eმთარგმნელი
_919091
700 _aჯორჯანელი, გ.
_eმთარგმნელი
_919091
700 _aბრეგაძე, ლ.
_eშემდგენელი
_919092
700 _aნადირაშვილი, ე.
_eრედაქტორი
_919093
700 _aგვალია, ი.
_eმხატვარი
_919094
942 _cBK
_2udc